CorelDraw 3 (Record no. 311802)
[ view plain ]
| 000 -LEADER | |
|---|---|
| fixed length control field | 00330 a2200133 4500 |
| 001 - CONTROL NUMBER | |
| control field | 76729 |
| 020 ## - INTERNATIONAL STANDARD BOOK NUMBER | |
| International Standard Book Number | 9780471579250 |
| 082 ## - DEWEY DECIMAL CLASSIFICATION NUMBER | |
| Classification number | 006.6869 BIX |
| 090 ## - LOCALLY ASSIGNED LC-TYPE CALL NUMBER (OCLC); LOCAL CALL NUMBER (RLIN) | |
| -- | 39248 |
| -- | 39248 |
| 100 ## - MAIN ENTRY--PERSONAL NAME | |
| Personal name | Robert Bixby |
| 245 ## - TITLE STATEMENT | |
| Title | CorelDraw 3 |
| Remainder of title | CorelDraw |
| Statement of responsibility, etc. | Robert Bixby |
| Medium | English |
| 260 ## - PUBLICATION, DISTRIBUTION, ETC. | |
| Place of publication, distribution, etc. | New york |
| Name of publisher, distributor, etc. | John Wiley |
| Date of publication, distribution, etc. | 1993 |
| 300 ## - PHYSICAL DESCRIPTION | |
| Extent | xxi 326 p |
| 942 ## - ADDED ENTRY ELEMENTS (KOHA) | |
| Institution code [OBSOLETE] | Caenust |
| Call number prefix | 006.6869 BIX |
| Withdrawn status | Lost status | Damaged status | Not for loan | Collection code | Permanent Location | Current Location | Date acquired | Total Checkouts | Full call number | Barcode | Date last seen | Price effective from | Koha item type |
|---|---|---|---|---|---|---|---|---|---|---|---|---|---|
| College of Aeronautical Engineering (CAE) | College of Aeronautical Engineering (CAE) | 04/03/2017 | 006.6869 BIX | CAE63300 | 04/05/2017 | 04/05/2017 | Book |
